00437nam a2200157Ia 450000500170000000800410001702000150005808200130007310000130008624500640009926000580016330000170022165000130023865000100025165000180026120241202024831.0240331s9999 xx 000 0 und d a955580074X bSUMa891 aSumathy, 0aThin veils :bin the shadow of the gun and the wicked witch aColombobInternational Centre for Ethic Studiesc2003 aXI, 64 p .,  aFeminist aPoems aShort Stories